书目信息 |
| 题名: |
材料力学
|
|
| 作者: | 闵行 编著 | |
| 分册: | ||
| 出版信息: | 西安 西安交通大学出版社 1999.09 |
|
| 页数: | 319页 | |
| 开本: | 20cm | |
| 丛书名: | ||
| 单 册: | ||
| 中图分类: | TB301 | |
| 科图分类: | ||
| 主题词: | 工程材料 | |
| 电子资源: | ||
| ISBN: | 7-5605-1125-2 | |
| 000 | 00524nam0 2200193 45 | |
| 001 | 0455587857 | |
| 005 | 2004042815262388 | |
| 010 | @a7-5605-1125-2@dCNY 12.00 | |
| 100 | @a20040428d1999 km y0chiy0120 ea | |
| 101 | 0 | @achi |
| 102 | @aCN@b610000 | |
| 200 | 1 | @a材料力学@ACai Liao Li Xue@f闵行等编著@FMin Xing Deng Bian Zhu |
| 210 | @a西安@c西安交通大学出版社@d1999.09 | |
| 215 | @a319页@d20cm | |
| 606 | 0 | @a工程材料 |
| 690 | @aTB301@v3 | |
| 701 | 0 | @a闵行@AMin Xing@4编著 |
| 801 | 0 | @aCN@bPFT@c20040428 |
| 905 | @dTB301@eM794 | |
| 材料力学/闵行等编著.-西安:西安交通大学出版社,1999.09 |
| 319页;20cm |
| ISBN 7-5605-1125-2:CNY 12.00 |
| ● |
| 相关链接 |
|
|
|
正题名:材料力学
索取号:TB301/M794
 
预约/预借
| 序号 | 登录号 | 条形码 | 馆藏地/架位号 | 状态 | 备注 |
| 1 | 383662 | 203836625 | 自科库501/501自科库 11排1列3层/ [索取号:TB301/M794] | 在馆 | |
| 2 | 383663 | 203836634 | 自科库501/ [索取号:TB301/M794] | 在馆 | |
| 3 | 383664 | 203836643 | 自科库501/501自科库 11排1列3层/ [索取号:TB301/M794] | 在馆 |